• Tercera Orden de Santo Domingo

di Corporate Name

Records bibliografici associati: 1

001 - CONTROL NUMBER

  • control field: 63133

003 - CONTROL NUMBER IDENTIFIER

  • control field: IT-RoINE

005 - DATE AND TIME OF LATEST TRANSACTION

  • control field: 20191004112428.0

008 - FIXED-LENGTH DATA ELEMENTS

  • fixed length control field: 191004|| aca||aabn | a|a d

040 ## - CATALOGING SOURCE

  • Original cataloging agency: IT-RoINE
  • Transcribing agency: IT-RoINE

110 ## - HEADING--CORPORATE NAME

  • Corporate name or jurisdiction name as entry element: Tercera Orden de Santo Domingo
  • General subdivision: Reglas

670 ## - SOURCE DATA FOUND

  • Source citation: Work cat.: (IT-RoINE)32186: Gillet, Martin Stanislas,‏ ‎ Arzobispo de Nicea,‏ 1875-1951 63132, Regula Fratrum et Sororum Tertii Ordinis Saecularis S. Dominici, nencon ejusdem Rituale ac summarium indulgentiarum, privilegiorum et indultorum /, 1941.